Every Pacific West Conference Team Ever - Statistics

General Stats
  • This quiz has been taken 6 times
  • The average score is 11 of 27
Answer Stats
Hint Answer % Correct
1999- Academy of Art
75%
2012- Azusa Pacific
75%
2017- Biola
75%
1992- Chaminade
75%
2009- Dominican
75%
1992- Hawaii-Hilo
75%
1998- Hawaii Pacific
75%
2012- Fresno Pacific
50%
2012- Point Loma Nazarene
50%
1992-1996 Portland State
50%
2023- Westmont
50%
1992-2001 Alaska-Anchorage
25%
1992-2001 Alaska-Fairbanks
25%
1998-2017 BYU-Hawaii
25%
2011-2017 Cal Baptist
25%
2007-2018 Dixie State
25%
1992-1993, 2005-2013 Grand Canyon
25%
2012- Holy Names
25%
1998-2001 Humboldt State
25%
1992-2005 Montana State-Billings
25%
1999-2001 Northwest Nazarene University
25%
2005-2020 Notre Dame de Namur
25%
1992-2001 Seattle Pacific
25%
1998-1999 Simon Fraser
25%
1998-2001 St. Martin's
25%
1998-2005 Western New Meixico
25%
1998-2001 Western Washington
25%
No matching quizzes found
Score Distribution
Percent of People with Each Score
Percentile by Number Answered
Your Score History
You have not taken this quiz